| 000 | 00415nam a22001217a 4500 | ||
|---|---|---|---|
| 082 | _a200 THE | ||
| 100 |
_aShanza Abbas _970059 |
||
| 245 | _aTH-SOF-1219-An Expert System Framework for Recommendation of Restaurants on Basis of Qualitative Analysis | ||
| 260 |
_aIslamabad _bNUST College of EME _c2001 |
||
| 650 |
_a MS-CSE-13 MSTHESIS _969839 |
||
| 700 |
_aSupervisor Dr. Muhammad Usman Akram _969721 |
||
| 942 | _cCF | ||
| 999 |
_c577108 _d577108 |
||